Normal view
MARC view
- Timoshenko, Stephen,
Entry Personal Name
001 - CONTROL NUMBER
- control field: 86499
003 - CONTROL NUMBER IDENTIFIER
- control field: NUST
005 - DATE AND TIME OF LATEST TRANSACTION
- control field: 20211213122534.0
008 - FIXED-LENGTH DATA ELEMENTS
- fixed length control field: 211213|| aca||aabn | a|a d
040 ## - CATALOGING SOURCE
- Original cataloging agency: NUST
- Transcribing agency: NUST
100 ## - HEADING--PERSONAL NAME
- Personal name: Timoshenko, Stephen,
- Dates associated with a name: 1878-1972
670 ## - SOURCE DATA FOUND
- Source citation: Work cat.: (NUST)0: Timoshenko, Stephen, 1878-1972., Theory of plates and shells, 1959.
